01149nam a2200265Ia 4500003000900000008004100009020001800050040001600068080002300084111008600107245027400193260003700467300001600504490002700520650004100547650002800588650001900616700003000635700002700665700003000692710003700722942000700759999001700766952010000783IN-BaIIA211028s9999 xx 000 0 eng d a0-7923-1159-0 cIIA Library a082.2:52bIAU-S147 aSymposium of the International Astronomical UnioncFranced1990 June 12-16917244 0aFragmentation of molecular clouds and star formationbproceedings of the 147th symposium of the International Astronomical Union held in Grenlobe, France June 12-16, 1990cedited by E. Falgarone, Boulanger, F. and Duvert, G.  aDordrechtbKluwer Academicc1991 axxiv, 543p. aIAU Symposium; no. 147 aAstronomy and Astrophysics Thesaurus aMolecular clouds911776 aStar formation aBoulanger, F., ed.917245 aDuvert, G., ed.917246 aFalgarone, E., ed.917247 aInternational Astronomical Union cBK c10168d10168 00104070aBANbBANcGENd1991-05-15l0o082.2:52/ IAU-S147p11078r2021-11-05w1991-05-15yBK